000 00415nam a2200145Ia 4500
008 100204s9999 xx 000 0 und d
082 _b13825
100 _aवर्दे मोहिनी
245 _aकिन्नर
260 _b"निशांत प्रकाशन , पुणे"
_c1978
300 _a174
630 _aकिन्नर
730 _aकिन्नर
942 _cBOOK
999 _c458257
_d458254